| 000 | 00613cas a22002175a 4500 | ||
|---|---|---|---|
| 001 | L9564241 | ||
| 008 | 070608d19892001xxkbr p 0 a0eng d | ||
| 022 | _a0956-4241 | ||
| 035 | _a(Sirsi) u99096 | ||
| 041 | _aeng | ||
| 110 | 2 |
_aArchitects and Surveyors Institute _91181 |
|
| 245 | 0 | 0 | _aASI Journal |
| 260 |
_aChippenham _bArchitects and Surveyors Institute _c1989-2001 |
||
| 362 | 0 | _aLondon: 1(1) April 1989-12(9) August 2001 | |
| 362 | 0 | _aEdinburgh: July 1994-June 2001 | |
| 554 | _aSix per year | ||
| 651 | 4 |
_aUnited Kingdom _y |
|
| 690 | _aBUILT ENVIRONMENT | ||
| 942 | _n0 | ||
| 948 | _c04/02/1994 | ||
| 999 |
_c118652 _d118652 |
||